000
00341pab a2200145 454500
008
180718b2005 xxu||||| |||| 00| 0 eng d
100
_a
Durlauf, Steven N.
245
_a
Complexity and empirical economics
260
_c
2005
300
_a
p.225-43.
362
_a
Jun
650
_a
Economics
773
_a
Economic Journal
909
_a
66149
999
_c
66149
_d
66149